Statistics for 10 Biggest Cities in Order: Arizona

Click here to take the quiz!

General Stats

  • This quiz has been taken 80 times
  • The average score is 7 of 10

Answer Stats

#PopulationAnswer% Correct
11,660,000Phoenix
100%
2546,000Tucson
96%
3509,000Mesa
87%
4257,000Chandler
74%
6251,000Glendale
70%
5255,000Scottsdale
70%
8192,000Tempe
60%
7248,000Gilbert
57%
9172,000Peoria
47%
10138,000Surprise
41%

Score Distribution

Percentile by Number Answered

Percent of People with Each Score

Your Score History

You have not taken this quiz